College Football Team Logos: SEC - Statistics

General Stats
  • This quiz has been taken 2,473 times
    223 since last reset
  • The average score is 15 of 16
Answer Stats
Question Answer % Correct
Choose the SEC team:
97%
Choose the SEC team:
97%
Choose the SEC team:
96%
Choose the SEC team:
96%
Choose the SEC team:
95%
Choose the SEC team:
95%
Choose the SEC team:
94%
Choose the SEC team:
94%
Choose the SEC team:
93%
Choose the SEC team:
89%
Choose the SEC team:
89%
Choose the SEC team:
89%
Choose the SEC team:
89%
Choose the SEC team:
88%
Choose the SEC team:
88%
Choose the SEC team:
87%
No matching quizzes found
Score Distribution
Percent of People with Each Score
Percentile by Number Answered
Your Score History
You have not taken this quiz since the last reset